01477nam a2200373Ia 4500001001200000003000800012006001900020007001500039008004100054020002600095020002300121020002500144020002200169040002100191035002100212050002300233100001900256245014300275260005200418300002200470490003000492504005100522533015200573650003900725650002800764650003300792650002200825650002500847655002900872700002800901710001700929830003100946856012600977ebr10369257CaPaEBRm u cr cn|||||||||070417s2007 enka sb 001 0 eng d z9781846310089 (cased) z1846310083 (cased) z9781846310096 (pbk.) z1846310091 (pbk.) aCaPaEBRcCaPaEBR a(OCoLC)27708672814aN6505b.B69 2007eb1 aBowe, Stephen.10aSelling Shakerh[electronic resource] :bthe commodification of Shaker design in the twentieth century /cStephen Bowe and Peter Richmond. aLiverpool :bLiverpool University Press,c2007. ax, 404 p. :bill.1 aValue, art, politics ;v1 aIncludes bibliographical references and index. aElectronic reproduction.bPalo Alto, Calif. :cebrary,d2011.nAvailable via World Wide Web.nAccess may be limited to ebrary affiliated libraries. 0aShaker decorative artsxMarketing. 0aShaker decorative arts. 0aShaker furniturexMarketing. 0aShaker furniture. 0aShaker architecture. 7aElectronic books.2local1 aRichmond, Peter,d1959-2 aebrary, Inc. 0aValue, art, politics ;v1.40uhttp://site.ebrary.com/lib/rucke/Doc?id=10369257zAn electronic book accessible through the World Wide Web; click to view